000 00651nam a2200205Ia 4500
001 3039
003 GE_BSU
008 181216s||||||||xx |||||||||||||| ||und||
040 _cGE_BSU
080 _a665.6/7(03)
100 _aМишин,Б.В. Шпотаковский,М.Н.
245 _aКраткий справочник по оборудованию нефтебаз.
245 _cВед.ред.Л.Я.Русакова.
260 _aЛ.
260 _bНедра.
260 _c1965.
300 _a270 стр. 22см. с илл.
653 _aКраткий справочник по оборудованию нефтебаз.
942 _cBK
999 _c37083
_d37083